[Event "Fabio x Fabio"]
[Site "http://www.queenalice.com/game.php?id=318891"]
[Date "2007.12.12"]
[Round "-"]
[White "fgarcia"]
[Black "fferraz"]
[Result "1-0"]
[WhiteElo "1335"]
[BlackElo "1196"]

1. a4 e5 2. c3 Nc6 3. b4 a5 4. b5 Nce7 5. g4 Nd5 6. e3 Qh4 7. h3 Ngf6 8. Nf3 Qg3
9. fxg3 Ne4 10. Rg1 c6 11. Nxe5 Bd6 12. Qf3 f6 13. bxc6 Bxe5 14. Qxe4 dxc6 15.
g5 Rg8 16. gxf6 gxf6 17. Qxh7 Rf8 18. Ba3 Rf7 19. Qg8+ Kd7 20. Qxf7+ Kd8 21. c4
Nb4 22. Bxb4 axb4 23. d4 Bc7 24. Qxf6+ Ke8 25. Bd3 Bd8 26. Bg6+ Kd7 27. Qg7+ Be7
28. Rf1 Kd8 29. Qe5 Bxh3 30. Rf7 b6 31. Qxe7+ Kc8 32. Rf8# 1-0

[Event "mais uma , né ?"]
[Site "http://www.queenalice.com/game.php?id=322242"]
[Date "2007.12.18"]
[Round "-"]
[White "fgarcia"]
[Black "gruber"]
[Result "1-0"]
[WhiteElo "1315"]
[BlackElo "1387"]

1. a4 e6 2. h4 c6 3. b4 a5 4. c3 axb4 5. cxb4 Bxb4 6. f4 Nf6 7. e3 Ne4 8. g4 d5
9. Ba3 c5 10. Bxb4 cxb4 11. Qb3 h5 12. g5 g6 13. d3 Na6 14. dxe4 dxe4 15. Ne2
Qb6 16. Ng3 Nc5 17. Qd1 b3 18. Rh2 Rxa4 19. Nc3 Qb4 20. Bb5+ Bd7 21. Bxd7+ Nxd7
22. Rxa4 Qxc3+ 23. Qd2 Qg7 24. Nxe4 b2 25. Ra8+ Ke7 26. Qd6# 1-0

[Event "1x1"]
[Site "http://www.queenalice.com/game.php?id=322281"]
[Date "2007.12.18"]
[Round "-"]
[White "fgarcia"]
[Black "pabloitu"]
[Result "1-0"]
[WhiteElo "1334"]
[BlackElo "1339"]

1. a4 e5 2. h4 Qf6 3. Nc3 Nc6 4. g4 Bc5 5. Ne4 Qe7 6. c3 Nf6 7. Nxf6+ Qxf6 8. f3
d6 9. e3 d5 10. b4 Bb6 11. g5 Qf5 12. Qb3 Be6 13. a5 d4 14. Bc4 dxe3 15. dxe3 e4
16. fxe4 Qxe4 17. Bxe6 Qxh1 18. Bxf7+ Ke7 19. Qe6+ Kd8 20. Kf1 h6 21. axb6 cxb6
22. e4 hxg5 23. Bxg5+ Kc7 24. Bf4+ Kd8 25. Rd1+ Nd4 26. Rxd4# 1-0

[Event "Challenge"]
[Site "http://www.queenalice.com/game.php?id=322282"]
[Date "2007.12.18"]
[Round "-"]
[White "fgarcia"]
[Black "AMiller2"]
[Result "0-1"]
[WhiteElo "1345"]
[BlackElo "1336"]

1. a4 e5 2. h4 Be7 3. c3 Bxh4 4. Nf3 g5 5. g3 e4 6. Nd4 Nf6 7. gxh4 Ng4 8. hxg5
b6 9. f3 Ne5 10. fxe4 Qxg5 11. Rh3 Qf6 12. Nf3 d6 13. Nxe5 Bxh3 14. Bxh3 Rg8 15.
Ng4 Qh4+ 16. Nf2 Rg1+ 17. Bf1 Qh2 18. d4 Qg2 19. Kd2 Rxf1 20. Ra3 Rxd1+ 21. Nxd1
h5 22. Ne3 Qg5 23. Ke1 h4 24. Nd5 Qxc1+ 25. Kf2 Qxb1 26. Nxc7+ Kd7 27. a5 Kxc7
28. c4 h3 29. Rxh3 Qxb2 30. axb6+ axb6 31. e5 Ra2 32. exd6+ Kxd6 33. Re3 Nc6 34.
Re4 f5 35. Ke3 Qxe2+ 0-1

[Event "Slater x Fgarcia"]
[Site "http://www.queenalice.com/game.php?id=323232"]
[Date "2007.12.20"]
[Round "-"]
[White "Cristianovisk"]
[Black "fgarcia"]
[Result "1-0"]
[WhiteElo "1215"]
[BlackElo "1367"]

1. e4 h5 2. Nf3 f6 3. c4 g5 4. a3 d6 5. d3 a5 6. Nd4 Ra6 7. g3 c5 8. Nb5 Bd7 9.
a4 e5 10. Be3 d5 11. Qb3 dxe4 12. dxe4 Nc6 13. N1c3 Nb4 14. Be2 f5 15. Nd5 Nxd5
16. cxd5 b6 17. Rd1 fxe4 18. d6 Nf6 19. O-O Ng4 20. Qd5 Nxe3 21. Qxe5+ Kf7 22.
fxe3+ Kg8 23. Qxe4 Bxb5 24. Bxb5 Ra7 25. d7 Rh7 26. Rd5 Raxd7 27. Bxd7 Rxd7 28.
Rxg5+ Qxg5 29. Qe6+ Kg7 30. Qxd7+ Qe7 31. Qh3 Qxe3+ 32. Rf2 Bd6 33. Kf1 Qe7 34.
Qxh5 Be5 35. g4 c4 36. h4 Bg3 37. Rf5 Bxh4 38. g5 Qe1+ 39. Kg2 Qg3+ 40. Kf1 Qd3+
41. Kg2 Qd2+ 42. Kh3 Qd3+ 43. Kg4 Qe4+ 44. Rf4 Qe5 45. Qxh4 Qxb2 46. Rxc4 Qe2+
47. Kf5 Qd3+ 48. Re4 Qd7+ 49. Re6 Qd5+ 50. Re5 Qf3+ 51. Ke6 Qf7+ 52. Kd6 Qf8+
53. Kc6 Qb8 54. Qh6+ Kf7 55. Qh7+ Kf8 56. Qh8+ 1-0

[Event "Challenge"]
[Site "http://www.queenalice.com/game.php?id=326378"]
[Date "2007.12.27"]
[Round "-"]
[White "charlao"]
[Black "fgarcia"]
[Result "1-0"]
[WhiteElo "1530"]
[BlackElo "1329"]

1. e4 h5 2. Qf3 Rh6 3. Bc4 e6 4. Nh3 d5 5. exd5 exd5 6. d3 dxc4 7. Bxh6 Nxh6 8.
dxc4 a5 9. O-O f6 10. Re1+ Be7 11. Nf4 c6 12. Ng6 Ng8 13. Qxh5 Kd7 14. Nc3 b6
15. Qh7 Ba6 16. Red1+ Bd6 17. Ne4 Bxc4 18. Rxd6+ Kc7 19. Qxg7+ Nd7 20. Rad1 Bd5
21. c4 1-0

[Event "vamo ? ou não tem jeito ?"]
[Site "http://www.queenalice.com/game.php?id=327270"]
[Date "2007.12.28"]
[Round "-"]
[White "fgarcia"]
[Black "ricardoabe"]
[Result "0-1"]
[WhiteElo "1321"]
[BlackElo "1573"]

1. e4 Nc6 2. c3 Nf6 3. d3 d5 4. Bg5 d4 5. cxd4 Qxd4 6. Nc3 h6 7. Nb5 Qb4+ 8. Qd2
Qxb5 9. a4 Qxg5 10. f4 Qa5 11. e5 Qxd2+ 12. Kxd2 Nd5 13. g3 f6 14. exf6 exf6 15.
g4 Nxf4 0-1

[Event "Challenge"]
[Site "http://www.queenalice.com/game.php?id=332888"]
[Date "2008.1.8"]
[Round "-"]
[White "clodoaldopaiva"]
[Black "fgarcia"]
[Result "0-1"]
[WhiteElo "1376"]
[BlackElo "1350"]

1. e3 e5 2. Nf3 d6 3. d4 e4 4. Nfd2 c6 5. Nxe4 f5 6. Ng3 g6 7. e4 Qe7 8. Be2
fxe4 9. Nc3 d5 10. Bf4 h5 11. Qc1 Bh6 12. Na4 Qf6 13. Nxh5 gxh5 14. Bxh5+ Kf8
15. Qe3 Bxf4 16. Qa3+ Bd6 17. Nc5 Rxh5 18. Nxe4 Bxa3 19. Nxf6 Nxf6 20. bxa3 Bf5
21. c3 Nbd7 22. f3 Re8+ 23. Kf1 Bd3+ 24. Kg1 Re2 25. g4 Rh3 26. Rd1 Rxf3 27. Rf1
Be4 28. h3 Rg3# 0-1

[Event "Vai??"]
[Site "http://www.queenalice.com/game.php?id=337241"]
[Date "2008.1.16"]
[Round "-"]
[White "fferraz"]
[Black "fgarcia"]
[Result "1/2-1/2"]
[WhiteElo "1344"]
[BlackElo "1342"]

1. d4 a5 2. e4 c6 3. Bf4 a4 4. h4 e6 5. c3 b5 6. d5 Qf6 7. Bc7 c5 8. Bxb5 exd5
9. exd5 Bb7 10. Qe2+ Be7 11. Rh3 Bxd5 12. Qg4 h5 13. Qg3 Na6 14. Be5 Qe6 15.
Qxg7 Bf6 16. Qg3 Bxe5 17. Qe3 Bxg2 18. Rg3 Bc6 19. Na3 f5 20. Qd3 Bxg3+ 21. Ne2
Bxh4 22. Rd1 Nf6 23. Qd6 Qxd6 24. Rxd6 Ng4 25. Kf1 Bxf2 26. Nf4 Ke7 27. Nc4 Nc7
28. Ng6+ Kd8 29. Bxc6 Re8 30. Rxd7+ Kc8 31. Nb6+ Kb8 32. Kg2 Ra6 33. Bxa4 Rxb6
34. Nf4 Rxb2 35. Nd3 Rxa2 36. Bb3 Be1+ 37. Bxa2 Re2+ 38. Kf1 Rxa2 39. Kxe1 h4
40. Rd8+ Ka7 41. Nxc5 h3 42. Rc8 Ra1+ 43. Kd2 Na6 44. Ne6 h2 45. Rh8 Ra2+ 46.
Kd3 Rg2 47. Nf4 Rg3+ 48. Kd4 Rf3 49. Rh7+ Kb6 50. Nd5+ Ka5 51. Kc4 Nf2 52. Rxh2
Rf4+ 53. Nxf4 Ne4 54. Ra2+ Kb6 55. Nd5+ Kb7 56. Kb5 Nc7+ 57. Nxc7 Nxc3+ 58. Kc5
Nxa2 59. Ne6 Nc3 60. Nd8+ Kc8 61. Kc4 Ne4 62. Nc6 f4 63. Kd4 Nd2 64. Ne5 Kc7 65.
Kd3 Nf1 66. Ke4 Nh2 67. Kxf4 Nf1 68. Nc4 Kd8 69. Nd6 1/2-1/2

[Event "Challenge"]
[Site "http://www.queenalice.com/game.php?id=337267"]
[Date "2008.1.16"]
[Round "-"]
[White "clodoaldopaiva"]
[Black "fgarcia"]
[Result "1-0"]
[WhiteElo "1385"]
[BlackElo "1357"]

1. e4 b6 2. d4 g6 3. e5 h5 4. c3 c6 5. b4 b5 6. d5 a5 7. Qd4 Nh6 8. e6 dxe6 9.
dxe6 Bxe6 10. Nf3 Qxd4 11. Nxd4 Bg7 12. Nxe6 fxe6 13. Bd3 O-O 14. Bg5 Nf5 15.
Be4 Na6 16. bxa5 b4 17. Bxc6 Rac8 18. Bd7 Nc5 19. Bxc8 Rxc8 20. a4 bxc3 21. Ra2
Ne4 22. Bf4 c2 23. O-O Bh6 24. f3 Ned6 25. g3 g5 26. Be5 Nb7 27. a6 Nd8 28. Nc3
Bg7 29. Bxg7 Kxg7 30. a7 Nc6 31. Nb5 Ncd4 32. Nc7 Rxc7 33. a8=Q c1=Q 34. Rxc1
Rxc1+ 35. Kf2 Rc3 36. g4 Rxf3+ 37. Qxf3 Nxf3 38. Kxf3 hxg4+ 39. Kxg4 Kf6 40. Rf2
Kg6 41. a5 Nh6+ 42. Kg3 g4 43. a6 Kg5 44. a7 Nf5+ 45. Kg2 Ne3+ 46. Kg3 Nf5+ 47.
Kg2 Ne3+ 48. Kg1 Nd1 49. Re2 Nc3 50. Rxe6 Nd5 51. Re5+ 1-0

[Event "sua chance de empatar"]
[Site "http://www.queenalice.com/game.php?id=340753"]
[Date "2008.1.22"]
[Round "-"]
[White "fgarcia"]
[Black "Cristianovisk"]
[Result "1-0"]
[WhiteElo "1345"]
[BlackElo "1247"]

1. h4 e6 2. g3 b5 3. Bh3 Bb7 4. Nf3 b4 5. d3 h5 6. Be3 a5 7. Qd2 c5 8. d4 Na6 9.
dxc5 Bxc5 10. Bd4 Rc8 11. Qf4 b3 12. Ng5 Qc7 13. Qxf7+ Kd8 14. Bxe6 bxc2 15. O-O
dxe6 16. Nxe6# 1-0

[Event "Challenge"]
[Site "http://www.queenalice.com/game.php?id=343030"]
[Date "2008.1.26"]
[Round "-"]
[White "clodoaldopaiva"]
[Black "fgarcia"]
[Result "1-0"]
[WhiteElo "1375"]
[BlackElo "1342"]

1. e4 Nc6 2. d3 e6 3. Be3 b5 4. Nc3 a6 5. d4 Rb8 6. d5 Ne5 7. Bf4 Ng4 8. Qxg4
Nf6 9. Qg3 Nh5 10. Qg5 g6 11. Be2 f6 12. Qh4 Ng7 13. dxe6 Nxe6 14. Nd5 Bg7 15.
Bh6 O-O 16. Nf3 g5 17. Qh5 Nc5 18. e5 Bb7 19. exf6 Bxf6 20. Bxf8 Qxf8 21. Nxg5
Bxd5 22. Qxh7# 1-0

[Event "contunou na frente . . . "]
[Site "http://www.queenalice.com/game.php?id=346399"]
[Date "2008.1.31"]
[Round "-"]
[White "fferraz"]
[Black "fgarcia"]
[Result "0-1"]
[WhiteElo "1351"]
[BlackElo "1348"]

1. e4 d6 2. d4 c6 3. d5 c5 4. Bb5+ Bd7 5. Qd3 Nf6 6. Na3 a6 7. e5 Bxb5 8. Nxb5
dxe5 9. Nc3 b5 10. Ne4 c4 11. Qe3 Qxd5 12. Nxf6+ gxf6 13. Qd2 Qxg2 14. Ke2 Qxh1
15. Nf3 Nc6 16. Qe1 Nd4+ 17. Nxd4 Qe4+ 18. Kd1 Qxd4+ 19. Qd2 Qxd2+ 20. Bxd2 Rd8
21. Ke2 h5 22. Rd1 e6 23. Ba5 Rxd1 24. Kxd1 Rg8 25. b3 cxb3 26. axb3 Rg2 27. c4
b4 28. Kd2 Rxf2+ 29. Ke3 Rxh2 30. Bb6 f5 31. c5 Rc2 32. Kd3 Rxc5 33. Bxc5 Bxc5
34. Kc4 Be7 35. Kd3 h4 0-1

[Event "Challenge"]
[Site "http://www.queenalice.com/game.php?id=346903"]
[Date "2008.2.1"]
[Round "-"]
[White "clodoaldopaiva"]
[Black "fgarcia"]
[Result "0-1"]
[WhiteElo "1444"]
[BlackElo "1327"]

1. e4 a6 2. d4 b5 3. c4 b4 4. d5 d6 5. Nf3 g6 6. Be2 a5 7. O-O h5 8. a3 bxa3 9.
Nxa3 f6 10. Qc2 Qd7 11. c5 dxc5 12. Qxc5 Ba6 13. Qxa5 g5 14. Nd4 g4 15. Bf4 Ra7
16. Rad1 Nh6 17. Nc6 Nxc6 18. dxc6 Qxc6 19. Rc1 Qxe4 20. Rxc7 Qxe2 21. Rc8+ Bxc8
22. Qxa7 Qxb2 23. Qa4+ Kf7 24. Rb1 Qc3 25. Rc1 Qb2 26. Qc4+ Be6 27. Qc5 Nf5 28.
Nc4 Nd6 29. Bxd6 Qxc1# 0-1

[Event "Challenge"]
[Site "http://www.queenalice.com/game.php?id=350882"]
[Date "2008.2.8"]
[Round "-"]
[White "clodoaldopaiva"]
[Black "fgarcia"]
[Result "0-1"]
[WhiteElo "1399"]
[BlackElo "1378"]

1. e4 b6 2. d4 a5 3. Bd2 h5 4. Nf3 g6 5. Bf4 c6 6. d5 c5 7. Bb5 Nf6 8. Be5 a4 9.
d6 Ra5 10. Nc3 Rg8 11. Qd3 Nh7 12. dxe7 Bxe7 13. Nd5 Na6 14. Bxd7+ Bxd7 15. Nd2
b5 16. c4 Nb4 17. Qg3 Nc2+ 18. Kd1 Nxa1 19. Bc7 Qc8 20. Bxa5 f5 21. Nc7+ Kf7 22.
cxb5 Be6 23. exf5 gxf5 24. Qe5 Bxa2 25. Re1 Re8 26. b6 Qd7 27. Qd5+ Bxd5 28.
Nxd5 Qxd5 29. Kc1 Bg5 30. Rxe8 Kxe8 31. f3 c4 32. Kb1 Qxa5 33. Nxc4 Qe1+ 34. Ka2
Qe6 35. b7 Bf4 36. g3 Bc7 37. Kxa1 Qxc4 38. f4 Qd4 39. Ka2 Bd6 40. b3 Qd2+ 41.
Kb1 axb3 42. g4 Qc2+ 0-1

[Event "Vamos vai?"]
[Site "http://www.queenalice.com/game.php?id=351008"]
[Date "2008.2.8"]
[Round "-"]
[White "fgarcia"]
[Black "gruber"]
[Result "1-0"]
[WhiteElo "1364"]
[BlackElo "1313"]

1. h4 h5 2. Nh3 e6 3. g3 c5 4. e3 d5 5. Nf4 c4 6. Nxh5 Nc6 7. b3 g6 8. Nf4 g5 9.
Ng2 Bg7 10. Nc3 a5 11. Qg4 Bh6 12. f4 Nf6 13. Qf3 gxf4 14. exf4 Nd4 15. Qd1 b5
16. Ne2 Ng4 17. Nxd4 Qb6 18. Bb2 a4 19. Qxg4 e5 20. Nf5 cxb3 21. axb3 axb3 22.
Rxa8 Qc7 23. cxb3 Qc2 24. Nd6+ Kd8 25. Rxc8+ Qxc8 26. Nxc8 Re8 27. Bxe5 1-0

[Event "Pegadinha do malandro!"]
[Site "http://www.queenalice.com/game.php?id=358411"]
[Date "2008.2.21"]
[Round "-"]
[White "gruber"]
[Black "fgarcia"]
[Result "0-1"]
[WhiteElo "1324"]
[BlackElo "1395"]

1. e3 h5 2. g4 g6 3. g5 d6 4. b3 e5 5. h4 a5 6. Bb2 Nc6 7. Bb5 Ne7 8. c4 Qd7 9.
f3 Qe6 10. e4 Bd7 11. Nc3 Bc8 12. Nd5 Kd8 13. d3 Na7 14. Bc3 Nxb5 15. Nxe7 Nxc3
16. Qc2 Bxe7 17. Qxc3 c6 18. b4 b6 19. bxa5 bxa5 20. Rb1 d5 21. f4 Bd6 22. Nf3
Rb8 23. Qxa5+ Bc7 24. Rxb8 Bxa5+ 25. Ke2 dxe4 26. fxe5 exf3+ 27. Kxf3 Qxe5 0-1

[Event "Challenge"]
[Site "http://www.queenalice.com/game.php?id=360129"]
[Date "2008.2.24"]
[Round "-"]
[White "clodoaldopaiva"]
[Black "fgarcia"]
[Result "0-1"]
[WhiteElo "1398"]
[BlackElo "1408"]

1. c4 d6 2. Nc3 Bd7 3. e4 h5 4. d4 f6 5. Nf3 g5 6. d5 a5 7. Be3 Bh6 8. c5 g4 9.
Nd4 dxc5 10. Nf5 Bxf5 11. exf5 Bxe3 12. fxe3 Qd7 13. Bb5 c6 14. dxc6 Nxc6 15.
Qd5 Qxd5 16. Nxd5 Nh6 17. Nc7+ Kf7 18. Nxa8 Rxa8 19. Rd1 Nxf5 20. e4 Ne3 21. Rd7
Nxg2+ 22. Kf2 Nf4 23. Rxb7 Nd4 24. Bc4+ Kf8 25. Rc7 Nde6 26. Rc6 Rb8 27. Bxe6
Rxb2+ 28. Kg3 Ne2+ 29. Kh4 Nf4 30. Rc8+ Kg7 31. Bc4 Kg6 32. Rxc5 Rg2 33. Rxa5
Rf2 34. Ra7 Rf3 35. Bf1 e6 36. Bg2 Nxg2# 0-1

[Event "Revanche"]
[Site "http://www.queenalice.com/game.php?id=362645"]
[Date "2008.2.28"]
[Round "-"]
[White "fferraz"]
[Black "fgarcia"]
[Result "0-1"]
[WhiteElo "1355"]
[BlackElo "1424"]

1. Nc3 e6 2. e4 g5 3. d4 Bb4 4. Qh5 c6 5. a3 Nf6 6. Qxg5 Nxe4 7. Qh6 Bxc3+ 8.
bxc3 Qa5 9. Qg7 Qxc3+ 10. Kd1 Nxf2+ 11. Ke2 Qxc2+ 12. Bd2 Rf8 13. Rc1 Qd3+ 14.
Kxf2 Qxd2+ 15. Kg3 Qxc1 16. Qf6 Qxa3+ 17. Qf3 Qd6+ 18. Kh3 Qxd4 19. Ne2 Qg7 20.
Qf4 e5 21. Qb4 d6+ 22. g4 h5 23. Rg1 hxg4+ 24. Kg3 f5 25. Qxd6 f4+ 26. Nxf4
exf4+ 27. Kf2 Qb2+ 28. Be2 f3 29. Qe5+ Qxe5 30. Bd3 Qxh2+ 31. Kf1 g3 32. Bg6+
Ke7 33. Be4 Qf2# 0-1

[Event "Challenge"]
[Site "http://www.queenalice.com/game.php?id=369476"]
[Date "2008.3.11"]
[Round "-"]
[White "Drica"]
[Black "fgarcia"]
[Result "1-0"]
[WhiteElo "1543"]
[BlackElo "1420"]

1. e3 h5 2. Qf3 c6 3. Bc4 e6 4. h4 Qf6 5. Qxf6 Nxf6 6. Nc3 d5 7. Be2 b5 8. Nf3
Bc5 9. Ne5 d4 10. Nxc6 Nxc6 11. Bxb5 Bb7 12. exd4 Bxd4 13. b4 a6 14. Bd3 Nxb4
15. Rh3 Nxc2+ 16. Bxc2 Bxg2 17. Rd3 e5 18. Ba4+ Nd7 19. Rg3 Bb7 20. Rb1 Rb8 21.
Rxg7 Rf8 22. Nd5 Bxd5 23. Rxb8+ Ke7 24. Ba3+ Kf6 25. Rxf8 Nxf8 26. Bxf8 Bxa2 27.
Rg5 Ke6 28. Rxh5 f6 29. Rh6 Kf7 30. Rh8 f5 31. h5 e4 32. Rh6 Kxf8 33. Rxa6 f4
34. h6 f3 35. h7 Bh8 36. Ra8+ Kg7 37. Bc2 Bd5 38. Ra7+ Kg6 39. Rd7 Be6 40. Bxe4+
Kf6 41. Rd8 Kg7 42. Re8 Bf7 43. Re7 Kf6 44. Rc7 Kg7 45. d4 Kf6 46. Bxf3 1-0

[Event "Challenge"]
[Site "http://www.queenalice.com/game.php?id=370031"]
[Date "2008.3.12"]
[Round "-"]
[White "clodoaldopaiva"]
[Black "fgarcia"]
[Result "1-0"]
[WhiteElo "1414"]
[BlackElo "1437"]

1. b3 c5 2. a4 g6 3. Bb2 f6 4. e4 d6 5. d4 cxd4 6. Qxd4 Nc6 7. Qd2 Bh6 8. f4 g5
9. fxg5 Bxg5 10. Qd5 e6 11. Qd1 h5 12. Nf3 Bh6 13. Nh4 f5 14. Qxh5+ Kf8 15. Bxh8
Bg5 16. Qg6 Bxh4+ 17. g3 Bf6 18. exf5 Bxh8 19. fxe6 Bxa1 20. Qf7# 1-0